|
|
|
|
| LEADER |
01037nam#a2200265#a#4500 |
| 001 |
002695 |
| 005 |
20160721142529.0 |
| 008 |
040305q1992####ag##################spa#d |
| 040 |
|
|
|a AR-beUNQ
|
| 099 |
|
|
|a 01-H43
|
| 100 |
1 |
|
|a Hintze, Susana
|
| 245 |
1 |
3 |
|a Las políticas alimentarias en América Latina y Argentina :
|b experiencias y lineamientos de formulación
|c Susana Hintze.
|
| 260 |
|
|
|a Buenos Aires :
|b Centro Interamericano de Desarrollo Económico y Social,
|c [1992]
|
| 300 |
|
|
|a 58 h. en varias paginaciones
|
| 500 |
|
|
|a Versión preliminar para el Curso Nacional de Formación de Gerencia Social [1992 Ago.24-Sep.11: Buenos Aires]
|
| 650 |
|
7 |
|a POLITICA GUBERNAMENTAL
|2 Spines
|
| 650 |
|
7 |
|a POLITICA ALIMENTARIA
|2 Spines
|
| 650 |
|
7 |
|a PLANIFICACION ALIMENTARIA
|2 Spines
|
| 650 |
|
7 |
|a DESARROLLO ECONOMICO
|2 Spines
|
| 650 |
|
7 |
|a AYUDA ALIMENTARIA
|2 Spines
|
| 651 |
|
7 |
|a ARGENTINA
|2 Spines
|
| 651 |
|
7 |
|a AMERICA LATINA
|2 toit
|
| 929 |
|
|
|a COMPRA
|b Mario Greco
|d 5,00E
|e 20040225
|f Patrimonio
|j 16670
|
| 942 |
|
|
|c LIB
|n 0
|
| 999 |
|
|
|c 5489
|d 80876
|